Estadísticas para Países que contienen la letra S

Haz click aquí para intentar la prueba.

Estadísticas generales

  • Esta prueba ha sido intentada 2.658 veces
  • La puntuación promedio es 54 de 70

Estadísticas de respuestas

País% Correcto
Estados Unidos
93%
Suecia
93%
Suiza
91%
Australia
90%
España
90%
Brasil
87%
Rusia
87%
San Vicente y las Granadinas
87%
Sudán
87%
Austria
86%
San Marino
86%
Santa Lucía
86%
Serbia
86%
San Cristóbal y Nieves
85%
Sudáfrica
85%
Sudán del Sur
85%
Islandia
84%
Estonia
83%
Senegal
83%
Somalia
83%
Costa Rica
82%
Surinam
82%
Afganistán
81%
Eslovaquia
81%
Santo Tomé y Príncipe
81%
Eslovenia
80%
Corea del Sur
79%
El Salvador
78%
Pakistán
78%
Seychelles
78%
Suazilandia
78%
Arabia Saudí
77%
Bielorrusia
77%
Siria
77%
Honduras
76%
Indonesia
76%
Islas Marshall
76%
Samoa
76%
Bahamas
75%
Islas Salomón
75%
Kirguistán
75%
Marruecos
75%
Barbados
74%
Bosnia y Herzegovina
74%
Costa de Marfil
74%
Singapur
74%
Sri Lanka
74%
Emiratos Árabes Unidos
73%
Sierra Leona
73%
Turkmenistán
73%
Uzbekistán
73%
Malasia
72%
Comoras
70%
Israel
70%
Madagascar
70%
Países Bajos
70%
Tayikistán
70%
Estados Federados de Micronesia
68%
Lesoto
68%
Guinea Bissau
66%
Laos
66%
Liechtenstein
66%
Maldivas
66%
Bangladés
64%
Botsuana
64%
Kazajstán
63%
Palaos
63%
Kosovo
62%
Filipinas
60%
Burkina Faso
57%

Distribución de puntuación

Porcentaje por número respondido

Porcentaje de gente con cada puntuación

Historial de tus puntuaciones

No has intentado esta prueba.